Ingeniería de control moderna

Bibliographic Details
Main Author: Ogata, Katsuhiko
Format: Section = Libro
Language:Undetermined
Spanish
Published: México Prentice Hall 1993
Edition:2a.ed
Subjects:
LEADER 00491nam a2200193Ia 4500
008 240830s9999 xx 000 0 und d
020 |a 968-880-234-4 
040 |a CEDOC FIQ-RUSB / 629.8 O34 
041 |a spa 
082 |a 629.8 O34 
100 1 |a Ogata, Katsuhiko 
245 1 0 |a Ingeniería de control moderna 
250 |a 2a.ed 
260 |a México  |b Prentice Hall  |c 1993 
300 |a 1020 p. : il 
650 7 |a TECNICA DEL CONTROL AUTOMATICO 
942 |c BK  |2 ddc 
991 |a TEXTO 
999 |c 14119